| 000 | 00573nam a2200169 i 4500 | ||
|---|---|---|---|
| 001 | 60652 | ||
| 003 | ES-MaACL | ||
| 005 | 20230906164259.0 | ||
| 007 | t| | ||
| 008 | 031105s1968 sp ||||1| spa d | ||
| 245 | 0 | 3 |
_aLa estacionalidad en el turismo y sus posibles correctivos / _cMercedes Blass Nogueira ... [et al.]. |
| 260 |
_aMadrid : _bInstituto de Estudios Turísticos, _c1968. |
||
| 300 |
_a232 p. : _bgráf. ; _c21 cm. |
||
| 700 | 1 |
_aBlass Nogueira, Mercedes. _929416 |
|
| 710 | 2 |
_aInstituto de Estudios Turísticos. _94936 |
|
| 852 |
_aES-MaACL _jC-50508 _bR.67021 |
||
| 999 |
_c60652 _d60652 |
||